[Event "Hoogovens"]
[Site "Wijk aan Zee"]
[Date "1995.??.??"]
[Round "4.1"]
[White "Short, Nigel D"]
[Black "Dreev, Alexey"]
[Result "0-1"]
[WhiteElo "2640"]
[BlackElo "2650"]

1.e4 e6 2.d4 d5 3.Nc3 Be7 4.Bd3 dxe4 5.Nxe4 Nf6 6.Nf3 Nbd7 7.c3 c5 8.Nxc5 Bxc5
9.dxc5 Nxc5 10.Be2 Qxd1+ 11.Kxd1 b6 12.Ne5 Bb7 13.f3 Ke7 14.Kc2 Rhd8 15.Re1 Nd5
16.Bd2 Rac8 17.Rad1 f6 18.Nc4 Ba6 19.b3 Na4 20.f4 g6 21.g4 Nc5 22.Nb2 Bxe2
23.Rxe2 f5 24.gxf5 gxf5 25.c4 Ne4 26.Nd3 b5 27.Ne5 bxc4 28.bxc4 Nxd2 29.Rdxd2 Nxf4
30.Rxd8 Kxd8 31.Rd2+ Ke7 32.Kc3 Rc7 33.a4 Ng6 34.Nf3 Kf6 35.Rd6 Nf8 36.a5 Nd7
37.Nd4 Nc5 38.Kb4 Ke5 39.Nb5 a6  0-1

[Event "Hoogovens"]
[Site "Wijk aan Zee"]
[Date "1995.??.??"]
[Round "4.2"]
[White "Dreev, Alexey"]
[Black "Short, Nigel D"]
[Result "1/2-1/2"]
[WhiteElo "2650"]
[BlackElo "2640"]

1.d4 Nf6 2.Nf3 g6 3.Bf4 Bg7 4.e3 d6 5.Be2 Nbd7 6.O-O Nh5 7.Bg5 h6 8.Bh4 g5
9.Nfd2 gxh4 10.Bxh5 Nf6 11.Nc3 h3 12.g3 Nxh5 13.Qxh5 Qd7 14.Nd5 c6 15.Nf4 e5
16.dxe5 dxe5 17.Nd3 O-O 18.e4 Qe6 19.Rfe1 Re8 20.f3 b6 21.Nf2 Qg6 22.Qxg6 fxg6
23.Rad1 h5 24.Nc4 Be6 25.b3 Rad8 26.Rxd8 Rxd8 27.Rd1 Rd4 28.c3 Rxd1+ 29.Nxd1 Kf7
30.Nf2 Bd7 31.Nd3 Ke6 32.Kf2 Be8 33.Ke2 Bd7 34.Nf2 Ke7 35.Nd3 Ke6 36.Nf2  1/2-1/2

[Event "Hoogovens"]
[Site "Wijk aan Zee"]
[Date "1995.??.??"]
[Round "5.3"]
[White "Bareev, Evgeny"]
[Black "Dreev, Alexey"]
[Result "1/2-1/2"]
[WhiteElo "2675"]
[BlackElo "2650"]

1.d4 d5 2.c4 c6 3.Nf3 Nf6 4.Nc3 e6 5.Bg5 h6 6.Bh4 dxc4 7.e4 g5 8.Bg3 b5 9.Be2 Bb7
10.O-O Nbd7 11.d5 cxd5 12.exd5 Nxd5 13.Nxb5 a6 14.Nd6+ Bxd6 15.Bxd6 Qb6 16.Bg3 Rc8
17.Rc1 c3 18.Ne5 cxb2 19.Rxc8+ Bxc8 20.Qc2 O-O 21.Nc4 Qd4 22.Rb1 Nc3 23.Rxb2 Ne4
24.Nd2 Nxg3 25.hxg3 Nc5 26.Nf3 Qd6 27.Rb4 Bb7 28.Rc4 Nd7 29.Rd4 Bd5 30.Qd2 Ne5
31.Nxe5 Qxe5 32.Bxa6 Ra8 33.Ra4 Kg7 34.Ra5 Rxa6 35.Rxa6 Qa1+ 36.Kh2 Qf1 37.Qc3+ Kg6
38.Qc2+ f5 39.Rxe6+ Bxe6 40.g4 Qe1 41.gxf5+ Bxf5 42.Qc5 Qe4 43.f3 Qh4+ 44.Kg1 Qe1+
45.Kh2 h5 46.a4 Qh4+ 47.Kg1 Qe1+ 48.Kh2 h4 49.Qd6+ Qe6 50.Qb8 Bd3 51.a5 Qf6
52.Qg8+ Kh6 53.Qd5 Be2 54.Qc5 Qe6 55.Qf8+ Kh7 56.Qc5 Kg6 57.Qc2+ Kf6 58.Kh1 h3
59.Qh7 hxg2+ 60.Kxg2 Qf5 61.Qb7 Qb5 62.Qe4 Bc4 63.Qd4+ Ke6 64.Qe4+ Kf6 65.Qd4+ Kf7
66.Kg3 Be6 67.Qa7+ Kg6 68.Qb6 Qe5+ 69.Kg2 Kh5 70.Qb1 Kh6 71.Qb6 Kh5 72.Qb1 Bf5
73.Qa2 Bd3 74.a6 g4 75.fxg4+ Kxg4  1/2-1/2

[Event "Yalta blitz"]
[Site "Yalta"]
[Date "1995.??.??"]
[Round "1"]
[White "Dreev, Alexey"]
[Black "Ivanchuk, Vassily"]
[Result "1/2-1/2"]
[WhiteElo "2650"]
[BlackElo "2700"]

1.d4 Nf6 2.c4 e6 3.Nf3 d5 4.Nc3 Nbd7 5.cxd5 exd5 6.Bg5 Be7 7.e3 O-O 8.Bd3 c6
9.Qc2 Re8 10.h3 Nf8 11.Bf4 a5 12.O-O Bd6 13.Bxd6 Qxd6 14.Na4 Be6 15.Qc5 Qb8
16.Ng5 N8d7 17.Qc2 h6 18.Bh7+ Kf8 19.Nxe6+ Rxe6 20.Bf5 Re7 21.Qb3 b5 22.Nc3 Nb6
23.Qc2 Nc4 24.Bd3 a4 25.b3 axb3 26.axb3 Nd6 27.Ne2 Rxa1 28.Rxa1 Qb6 29.Qc5 Qxc5
30.dxc5 Nde4 31.b4 Nd7 32.Nd4 Ne5 33.Bxe4 dxe4 34.Nf5 Re8 35.Nd6 Rd8 36.Ra7 Nd3
37.Rxf7+ Kg8 38.Rc7 Nxb4 39.Nf5 Rf8 40.Ne7+ Kh7 41.Nxc6 Na6 42.Rb7 Nxc5 43.Rxb5 Nd3
44.Ne5 Nxf2 45.Rb4 Nd1 46.Rxe4 Re8 47.Kf1 Nc3 48.Rc4 Nd5 49.Ng4 Nxe3+ 50.Nxe3 Rxe3  1/2-1/2

[Event "Yalta super"]
[Site "Yalta"]
[Date "1995.??.??"]
[Round "1"]
[White "Kortschnoj, Viktor"]
[Black "Dreev, Alexey"]
[Result "1/2-1/2"]
[WhiteElo "2635"]
[BlackElo "2650"]

1.d4 d5 2.c4 c6 3.Nf3 Nf6 4.Nc3 e6 5.Bg5 h6 6.Bxf6 Qxf6 7.Qb3 Nd7 8.g3 dxc4
9.Qxc4 e5 10.O-O-O Be7 11.Ne4 Qf5 12.Qc2 O-O 13.Kb1 exd4 14.Nxd4 Qa5 15.Bh3 Nf6
16.Bxc8 Raxc8 17.Nxf6+ Bxf6 18.Nf5 Rcd8 19.f4 Rxd1+ 20.Rxd1 Rd8 21.Rxd8+ Bxd8
22.a3 Qd5 23.e4 Qd7 24.e5 Be7 25.Kc1 g6 26.Nd6 Bxd6 27.Qd2 Kf8 28.exd6 Ke8
29.Qe3+ Qe6 30.Qxa7 Qe1+ 31.Kc2 Qe2+ 32.Kc3 Qe1+ 33.Kc2  1/2-1/2

[Event "Yalta rapid"]
[Site "Yalta"]
[Date "1995.??.??"]
[Round "3"]
[White "Dreev, Alexey"]
[Black "Kortschnoj, Viktor"]
[Result "1-0"]
[WhiteElo "2650"]
[BlackElo "2635"]

1.d4 Nf6 2.c4 e6 3.Nf3 b6 4.a3 Bb7 5.Nc3 g6 6.Qc2 Bxf3 7.exf3 Nc6 8.Be3 Bg7
9.O-O-O O-O 10.d5 Na5 11.h4 a6 12.g4 exd5 13.cxd5 b5 14.h5 Re8 15.hxg6 hxg6
16.g5 Nh7 17.f4 Rb8 18.f5 b4 19.fxg6 fxg6 20.Qxg6 Nf8 21.Qh5 bxc3 22.b4 Rxe3
23.fxe3 Qe7 24.Bd3 Be5 25.Rdf1 Nb7 26.Kc2 Nd6 27.Rf6 Qg7 28.Rh6 a5 29.Bh7+ Kh8
30.Bd3+ Kg8 31.b5 Rxb5 32.Bxb5 Nxb5 33.a4 Nd6 34.Qf3 Nf7 35.R6h5 Qg6+ 36.e4 Nxg5
37.Qg4 Qxe4+ 38.Qxe4 Nxe4 39.Rxe5  1-0

[Event "Yalta rapid"]
[Site "Yalta"]
[Date "1995.??.??"]
[Round "4"]
[White "Khalifman, Alexander"]
[Black "Dreev, Alexey"]
[Result "0-1"]
[WhiteElo "2635"]
[BlackElo "2650"]

1.e4 e6 2.d4 d5 3.Nc3 Nf6 4.Bg5 dxe4 5.Nxe4 Nbd7 6.Nf3 h6 7.Nxf6+ Nxf6 8.Bd2 c5
9.dxc5 Bxc5 10.Bd3 O-O 11.Qe2 Qd5 12.c4 Qc6 13.Bc3 e5 14.Nxe5 Qxg2 15.O-O-O Re8
16.Rdf1 Bh3 17.Rhg1 Qxh2 18.Qf3 Re6 19.Rh1 Qxe5 20.Bxe5 Bxf1 21.Rxf1 Rxe5
22.Qxb7 Rd8 23.Qf3 h5 24.Qg3 Rde8 25.Kc2 Ng4 26.Qf4 R8e6 27.Qd2 Rf6 28.b4 Bxf2
29.Kb1 a5 30.Bc2 Re8 31.Bd1 Be3 32.Qd7 Rb8 33.Rxf6 Nxf6 34.Qc7 Rxb4+ 35.Kc2 g6
36.a3 Rb6 37.c5 Re6 38.c6 Kg7 39.Qb7 Nd5 40.Bf3 Re7 41.Qb2+ Nf6  0-1

[Event "EUCup f"]
[Site "Budapest"]
[Date "1996.??.??"]
[Round "1"]
[White "Dreev, Alexey"]
[Black "Vaganian, Rafael A"]
[Result "1-0"]
[WhiteElo "2645"]
[BlackElo "2595"]

1.d4 Nf6 2.c4 e6 3.Nf3 d5 4.Nc3 Be7 5.Qc2 c5 6.dxc5 d4 7.Nb5 e5 8.Nxe5 a6
9.Na3 Bxc5 10.Nd3 Bxa3 11.bxa3 O-O 12.g3 Re8 13.Bg2 Bg4 14.O-O Bxe2 15.Re1 Bxd3
16.Rxe8+ Qxe8 17.Qxd3 Qe1+ 18.Qf1 Qc3 19.Rb1 Nc6 20.Rb3 Qa5 21.Rxb7 Nd8 22.Rb1 Rc8
23.Bb2 Ne6 24.Bh3 Rd8 25.Qe1 Qb6 26.c5 Qc6 27.Bxe6 fxe6 28.Rd1 Ne4 29.Rxd4 Rxd4
30.Bxd4 Ng5 31.Qe3 Nf3+ 32.Kf1 Qd5 33.Bc3 e5 34.Kg2 Nd4+ 35.f3 Qxa2+ 36.Qd2 Qxd2+
37.Bxd2 Kf7 38.Bc3 Nc6 39.Kh3 g5 40.Kg4 Kg6 41.f4 h5+ 42.Kf3 exf4 43.gxf4 g4+
44.Ke4 h4 45.f5+ Kg5 46.f6 Kg6 47.Kf4  1-0

[Event "RUS-ch"]
[Site "Elista"]
[Date "1996.??.??"]
[Round "4"]
[White "Vasiukov, Evgeni"]
[Black "Dreev, Alexey"]
[Result "0-1"]
[WhiteElo "2505"]
[BlackElo "2645"]

1.e4 c5 2.Nf3 Nc6 3.Bb5 e6 4.O-O Nge7 5.c4 e5 6.d3 g6 7.Be3 d6 8.a3 Bg7 9.b4 b6
10.Nc3 O-O 11.Nd5 h6 12.Bxc6 Nxc6 13.b5 Ne7 14.Nxe7+ Qxe7 15.Nd2 f5 16.f3 f4
17.Bf2 g5 18.a4 h5 19.Qe2 g4 20.a5 Rb8 21.axb6 axb6 22.Kh1 Qg5 23.Ra7 Kh8
24.Rfa1 Bf6 25.Ra8 Rb7 26.R1a7 Rxa7 27.Rxa7 Rg8 28.Be1 Be6 29.Qf1 g3 30.Kg1 gxh2+
31.Kxh2 h4 32.Nb1 Qh5 33.Nc3 h3 34.gxh3 Bh4 35.Bxh4 Qxh4 36.Ne2 Rg6 37.Rb7 Kg8
38.Ng1 Kf8 39.Kh1 Qg3 40.Ra7 Bxh3 41.Ra8+ Ke7 42.Nxh3 Rh6  0-1

[Event "RUS-ch"]
[Site "Elista"]
[Date "1996.??.??"]
[Round "7"]
[White "Rublevsky, Sergei"]
[Black "Dreev, Alexey"]
[Result "0-1"]
[WhiteElo "2645"]
[BlackElo "2645"]

1.e4 d5 2.exd5 Nf6 3.d4 Nxd5 4.c4 Nb6 5.Nf3 Bg4 6.c5 N6d7 7.Bc4 e6 8.Nc3 Be7
9.h3 Bh5 10.Be3 Nc6 11.Qe2 O-O 12.O-O-O Bg6 13.h4 Bh5 14.Rhg1 Bg4 15.d5 exd5
16.Nxd5 Bxc5 17.Bxc5 Nxc5 18.Qe3 Nd7 19.Qf4 Bxf3 20.gxf3 Nce5 21.Rg5 Re8
22.Rdg1 Ng6 23.Qg3 Nde5 24.Bb3 c6 25.Nc3 Qf6 26.h5 Nxf3 27.hxg6 Qxg5+ 28.Qxg5 Nxg5
29.Rxg5 hxg6 30.Rxg6 Rad8 31.Rg4 Kf8 32.Rf4 Re7 33.a4 g6 34.Kc2 Kg7 35.Bc4 Rd6
36.Rg4 Re5 37.Bd3 Rh5 38.Rb4 b6 39.Be2 Rh2 40.f3 f5 41.Rc4 g5 42.b4 Rh4 43.Kb3 Kf6
44.Nb1 Rxc4 45.Kxc4 Ke5 46.Bd3 Kf4 47.Nd2 b5+ 48.axb5 cxb5+ 49.Kc3 Rd5 50.Nb3 Ke3
51.Bc2 g4 52.fxg4 fxg4  0-1

[Event "RUS-ch"]
[Site "Elista"]
[Date "1996.??.??"]
[Round "11"]
[White "Dreev, Alexey"]
[Black "Fominyh, Alexander"]
[Result "1/2-1/2"]
[WhiteElo "2645"]
[BlackElo "2535"]

1.d4 Nf6 2.c4 c6 3.Nc3 d5 4.e3 Bf5 5.cxd5 cxd5 6.Qb3 Bc8 7.Nf3 e6 8.Bd2 Be7
9.Bd3 Nc6 10.a3 Bd7 11.O-O O-O 12.Rfc1 Rc8 13.Qa2 Ne8 14.Rc2 Nd6 15.b3 Be8
16.Na4 f6 17.Nc5  1/2-1/2

[Event "Chess Classics op"]
[Site "Frankfurt"]
[Date "1996.??.??"]
[Round "?"]
[White "Dreev, Alexey"]
[Black "Ambrosius, Berthold"]
[Result "1-0"]
[WhiteElo "2670"]
[BlackElo "2025"]

1.d4 g6 2.e4 Bg7 3.Nc3 c6 4.Bc4 d6 5.Nf3 e6 6.Bg5 Qc7 7.Qd2 b5 8.Bb3 Nd7
9.O-O Nb6 10.Rfe1 h6 11.Bf4 e5 12.Bg3 Ne7 13.Rad1 Bg4 14.dxe5 dxe5 15.Qd6 Qxd6
16.Rxd6 Bxf3 17.gxf3 Rd8 18.Rxd8+ Kxd8 19.Rd1+ Ke8 20.f4 f6 21.a4 b4 22.a5 bxc3
23.axb6 axb6 24.bxc3 Nc8 25.Be6 Ke7 26.f5 gxf5 27.exf5 Rd8 28.Ra1 Ke8 29.f4  1-0

[Event "Chess Classics op"]
[Site "Frankfurt"]
[Date "1996.??.??"]
[Round "?"]
[White "Christ, Ralf"]
[Black "Dreev, Alexey"]
[Result "0-1"]
[WhiteElo "2250"]
[BlackElo "2670"]

1.e4 c5 2.Nf3 Nc6 3.d4 cxd4 4.Nxd4 Nf6 5.Nc3 d6 6.Bg5 e6 7.Bb5 Bd7 8.Bxc6 bxc6
9.Qf3 e5 10.Nb3 Be7 11.Qd3 Be6 12.Rd1 Qb6 13.Be3 Qc7 14.f3 O-O 15.O-O Rfd8
16.Qa6 Nd7 17.Na5 Nb6 18.Qb7 Qxb7 19.Nxb7 Rd7 20.Na5 Rc8 21.Nb3 Nc4 22.Bc1 d5
23.Kf2 d4 24.Ne2 c5 25.g3 Nb6 26.f4 f6 27.Bd2 c4 28.Nbc1 Bh3 29.Rfe1 Bc5
30.Ng1 Bg4 31.Nf3 Na4 32.fxe5 Nxb2 33.exf6 gxf6 34.Kg2 Re8 35.h3 Bh5 36.Bh6 Nxd1
37.Rxd1  0-1

[Event "Chess Classics op"]
[Site "Frankfurt"]
[Date "1996.??.??"]
[Round "?"]
[White "Dreev, Alexey"]
[Black "Vidoniak, Roman"]
[Result "1-0"]
[WhiteElo "2670"]
[BlackElo "2410"]

1.d4 d5 2.c4 Nc6 3.Nf3 Bg4 4.Nc3 e6 5.Bg5 Be7 6.Bxe7 Ngxe7 7.e3 O-O 8.cxd5 Nxd5
9.Be2 Nxc3 10.bxc3 Na5 11.Qa4 b6 12.O-O Rc8 13.Rad1 Qe7 14.Rfe1 Bxf3 15.Bxf3 c5
16.d5 Rfd8 17.dxe6 Qxe6 18.Bg4 f5 19.Bf3 Kh8 20.Qh4 Qf6 21.Qxf6 gxf6 22.Be2 Nc6
23.Bb5 Ne5 24.f4 Ng4 25.Rd7 Re8 26.Rxa7 Rxe3 27.Rxe3 Nxe3 28.Rd7 c4 29.Kf2 Ng4+
30.Ke2 Re8+ 31.Kd2 Re4 32.Rd4 Nxh2 33.Bxc4 Re7 34.Bd3 Ra7 35.a4 Ra5 36.Rb4 Ng4
37.g3 Nf2 38.Bc2 Rd5+ 39.Ke3 Ng4+ 40.Ke2 Rd6 41.Bxf5 Nh6 42.Be4 Nf7 43.Rd4 Kg7
44.Rxd6 Nxd6 45.Bd3 f5 46.Bc4 Kf6 47.Bd5 h6 48.c4  1-0

[Event "EUCup Gr3"]
[Site "London"]
[Date "1996.??.??"]
[Round "1"]
[White "Dreev, Alexey"]
[Black "Fossan, Petter"]
[Result "1-0"]
[WhiteElo "2645"]
[BlackElo "2360"]

1.d4 Nf6 2.c4 g6 3.Nc3 Bg7 4.e4 d6 5.f3 O-O 6.Bg5 a6 7.Qd2 Nbd7 8.Nge2 c5
9.Bh6 Qa5 10.h4 b5 11.h5 Bb7 12.hxg6 fxg6 13.Bxg7 Kxg7 14.Nf4 b4 15.Ncd5 Bxd5
16.exd5 Rf7 17.Nxg6 Kg8 18.Nh4 cxd4 19.Nf5 Nc5 20.Nh6+ Kf8 21.Nxf7 Nb3 22.axb3 Qxa1+
23.Qd1 Qxd1+ 24.Kxd1 Kxf7 25.Rh4 Rg8 26.Rxd4 h5 27.Rh4 Rg5 28.Rh2 Rg3 29.Ke1 Rg5
30.Kf2 Kg7 31.Bd3 Kh6 32.Rh1 Rg7 33.Bf5 Kg5 34.Be6 Ne8 35.Ra1 Nc7 36.Ra5 Nxe6
37.dxe6+ Kf6 38.Rxa6 Rg8 39.Ra4 Kxe6 40.Rxb4 Ra8 41.Ra4 Rb8 42.b4  1-0

[Event "Monaco m"]
[Site "Monte Carlo"]
[Date "1996.??.??"]
[Round "1"]
[White "Dreev, Alexey"]
[Black "Piket, Jeroen"]
[Result "1-0"]
[WhiteElo "2670"]
[BlackElo "2570"]

1.d4 Nf6 2.c4 e6 3.Nf3 d5 4.Nc3 Bb4 5.cxd5 exd5 6.Bg5 h6 7.Bxf6 Qxf6 8.Qa4+ Nc6
9.Rc1 O-O 10.e3 a6 11.Bd3 Rd8 12.O-O Bf8 13.Qb3 Qd6 14.Na4 Rb8 15.Nc5 b6
16.Na4 Bb7 17.a3 g6 18.Qc2 Rbc8 19.Qe2 a5 20.Ba6 Bxa6 21.Qxa6 Qd7 22.Qb5 Ne5
23.Qxd7 Nxd7 24.Nc3 Nf6 25.Rc2 c5 26.Rfc1 Rc6 27.Nb5 Re6 28.Ne5 Ne8 29.a4 Bg7
30.Nf3 g5 31.dxc5 bxc5 32.Rxc5 Bxb2 33.Rd1 Nf6 34.h3 Rb6 35.Rc2  1-0

[Event "Monaco m"]
[Site "Monte Carlo"]
[Date "1996.??.??"]
[Round "2"]
[White "Piket, Jeroen"]
[Black "Dreev, Alexey"]
[Result "1/2-1/2"]
[WhiteElo "2570"]
[BlackElo "2670"]

1.d4 d5 2.c4 c6 3.Nf3 Nf6 4.Nc3 e6 5.e3 Nbd7 6.Qc2 Bd6 7.Be2 b6 8.cxd5 cxd5
9.Nb5 Bb4+ 10.Bd2 Bxd2+ 11.Nxd2 O-O 12.Rc1 Ne8 13.Nc7 Nxc7 14.Qxc7 Nb8 15.Nf3 Ba6
16.Qxd8 Rxd8 17.Kd2 Bxe2 18.Kxe2 Na6 19.Rc3 Rdc8 20.Rhc1 Rxc3 21.Rxc3 f6
22.a3 Rd8 23.Ne1 Kf7 24.Nd3 Ke7 25.h4 Rd7 26.Rc8 Rd8 27.Rc1 Rd7 28.Rc8 Rd8
29.Rc1 Rd7 30.g4 Rc7 31.Rg1 Nb8 32.g5 Nd7 33.Kd2 Kf7 34.Nf4 Rc8 35.f3 g6
36.Nd3 e5 37.b3 Ke6 38.a4 a5 39.h5 gxh5 40.gxf6 exd4 41.Nf4+ Kf5 42.Nxd5 dxe3+
43.Kxe3 Re8+ 44.Kf2 Nxf6 45.Nxb6 Rb8 46.Nc4 Rxb3 47.Nxa5 Rb2+ 48.Kg3 Rb4
49.Rc1 Rxa4  1/2-1/2

[Event "Monaco m"]
[Site "Monte Carlo"]
[Date "1996.??.??"]
[Round "3"]
[White "Dreev, Alexey"]
[Black "Piket, Jeroen"]
[Result "1-0"]
[WhiteElo "2670"]
[BlackElo "2570"]

1.d4 Nf6 2.c4 e6 3.Nf3 Bb4+ 4.Nbd2 b6 5.e3 O-O 6.Bd3 d5 7.O-O Ba6 8.a3 Bxd2
9.Nxd2 c5 10.dxc5 bxc5 11.b4 Nbd7 12.Bb2 Qe7 13.b5 Bb7 14.Qc2 h6 15.a4 Rac8
16.Rfd1 Ne8 17.Qc3 f5 18.Nf3 f4 19.Ne5 Qg5 20.h4 Qxe5 21.Qxe5 Nxe5 22.Bxe5 fxe3
23.fxe3 Nf6 24.Be2 Ne4 25.Bf3 Rf5 26.Bb2 Nd6 27.cxd5 Bxd5 28.Bg4 Rff8 29.Bxe6+ Bxe6
30.Rxd6 Rce8 31.a5 Bf5 32.b6 Rxe3 33.bxa7 Be4 34.Rf1 Ra8 35.Rd7 Rg3 36.Rf2 c4
37.Rc7 Rg4 38.Rd2 h5 39.Be5 Kh7 40.g3 c3 41.Rdd7 c2 42.Rxg7+ Rxg7 43.Rxg7+ Kh6
44.Rc7 c1=Q+ 45.Rxc1 Rxa7 46.Rc5 Bf3 47.Kf2 Bg4 48.Ke3 Kg6 49.Rc6+ Kf5 50.Bc7 Bh3
51.Rc5+ Ke6 52.Bb6 Rg7 53.Bc7 Bf1 54.Bf4 Rh7 55.Rc1 Bb5 56.Kd4 Rd7+ 57.Kc5 Rd5+
58.Kb6 Bd3 59.Rc6+ Kd7 60.Rc7+ Ke6 61.a6 Rb5+ 62.Kc6 Rb2 63.Rb7 Ra2 64.a7 Be4+
65.Kc7 Ra3 66.Be3 Rc3+ 67.Kb8  1-0

[Event "Monaco m"]
[Site "Monte Carlo"]
[Date "1996.??.??"]
[Round "4"]
[White "Piket, Jeroen"]
[Black "Dreev, Alexey"]
[Result "1/2-1/2"]
[WhiteElo "2570"]
[BlackElo "2670"]

1.d4 d5 2.c4 c6 3.Nf3 Nf6 4.Nc3 e6 5.e3 Nbd7 6.Bd3 dxc4 7.Bxc4 b5 8.Bd3 Bb7
9.a3 b4 10.Ne4 c5 11.Nxf6+ gxf6 12.O-O cxd4 13.Nxd4 Rg8 14.f3 Bd6 15.Qe1 Qb8
16.Qh4 Ne5 17.Be2 Ke7 18.Bd2 bxa3 19.bxa3 a6 20.Rab1 Qa7 21.Kh1 Bxa3 22.Ba5 Rac8
23.Rfd1 Rg5 24.Qe1 Nd7 25.Ra1 Bc5 26.Nb3 Bxe3 27.Qb4+ Ke8 28.Qd6 Qb8 29.Qxd7+ Kf8
30.Qd3 Rh5 31.Bb4+ Kg7 32.Bd6 Qa7 33.Nd4 Bf2 34.Ra4 Rd5 35.Bg3 Bxg3 36.hxg3 Rh5+
37.Kg1 e5 38.f4 Rh6 39.Rb4 Rc7 40.f5 a5 41.Qe3 Bxg2 42.Ne6+ fxe6 43.Rg4+ Kf8
44.Qxa7 Rxa7 45.Kxg2 exf5 46.Rc4 Rg6 47.Bh5 Rg5 48.Be2 f4 49.g4 f5 50.Rc8+ Kg7
51.Kh3 fxg4+ 52.Kh4 Kh6 53.Bxg4 a4 54.Re8 a3 55.Re6+ Rg6 56.Rxe5 a2 57.Ra1 Ra4
58.Re6  1/2-1/2

[Event "Monaco m"]
[Site "Monte Carlo"]
[Date "1996.??.??"]
[Round "5"]
[White "Dreev, Alexey"]
[Black "Piket, Jeroen"]
[Result "1/2-1/2"]
[WhiteElo "2670"]
[BlackElo "2570"]

1.d4 Nf6 2.c4 e6 3.Nf3 d5 4.Nc3 Bb4 5.Bg5 h6 6.Bxf6 Qxf6 7.e3 O-O 8.Rc1 dxc4
9.Bxc4 c5 10.O-O cxd4 11.Nxd4 Rd8 12.Qb3 Qe7 13.Rfd1 Bd7 14.Bd5 Nc6 15.Nxc6 bxc6
16.Bf3 Be8 17.Qc4 Rab8 18.Ne4 Rxd1+ 19.Bxd1 Qc7 20.Ba4 Qa5 21.Qc2 Bd7 22.Rd1  1/2-1/2

[Event "Monaco m"]
[Site "Monte Carlo"]
[Date "1996.??.??"]
[Round "6"]
[White "Piket, Jeroen"]
[Black "Dreev, Alexey"]
[Result "1-0"]
[WhiteElo "2570"]
[BlackElo "2670"]

1.d4 d5 2.c4 c6 3.Nf3 Nf6 4.Nc3 e6 5.e3 Nbd7 6.Qc2 b6 7.Be2 Bb7 8.O-O Bd6
9.Rd1 O-O 10.e4 dxe4 11.Nxe4 Nxe4 12.Qxe4 Re8 13.c5 Bf8 14.Qc2 Qc7 15.Be3 bxc5
16.dxc5 Nf6 17.Rd4 Nd5 18.Bd2 g6 19.Ra4 e5 20.Rc1 Bg7 21.Bc4 Bc8 22.Qb3 Rb8
23.Qa3 e4 24.Rxa7 Bxb2 25.Qa4 Bxc1 26.Rxc7 exf3 27.Qxc6 Nxc7 28.Qxc7 Rb7
29.Bxf7+ Kg7 30.Bc3+ Kf8 31.Qd6+ Ree7 32.Bd5 Rd7 33.Qf6+ Rf7 34.Qh8+ Ke7
35.Qe5+ Kf8 36.c6 Ra7  1-0

[Event "Monaco m"]
[Site "Monte Carlo"]
[Date "1996.??.??"]
[Round "7"]
[White "Dreev, Alexey"]
[Black "Piket, Jeroen"]
[Result "1-0"]
[WhiteElo "2670"]
[BlackElo "2570"]

1.d4 Nf6 2.c4 e6 3.Nf3 d5 4.Nc3 Bb4 5.Bg5 h6 6.Bxf6 Qxf6 7.e3 O-O 8.Rc1 dxc4
9.Bxc4 c5 10.O-O cxd4 11.Nxd4 Rd8 12.Qb3 Ba5 13.Be2 Nd7 14.Rfd1 a6 15.Ne4 Qe7
16.a3 Nf8 17.Rc5 Bc7 18.h3 e5 19.Rdc1 exd4 20.Rxc7 Qe8 21.Bh5 Be6 22.Qb6 dxe3
23.Qxe3 Bd5 24.Nc3 Qxe3 25.fxe3 Be6 26.Rxb7 Nd7 27.Rd1 Ne5 28.Rxd8+ Rxd8
29.Be2 Nc4 30.Bxc4 Bxc4 31.Rb4 Rc8 32.Kf2 f5 33.Rb7 Rd8 34.Rc7 Bb3 35.Ke2 Rd6
36.Rc5 Rg6 37.Kf3 Rf6 38.Rc8+ Kh7 39.Rd8 Rb6 40.Kf4 Be6 41.b4 Rc6 42.Ne2 Bf7
43.Nd4 Rc3 44.Rd7 Kg8 45.a4 Be8 46.Ra7 Bxa4 47.Rxa6 Bd7 48.Rd6 g5+ 49.Ke5 Rxe3+
50.Kf6 Ba4 51.Nxf5 Rb3 52.Rb6 h5 53.Rb8+ Kh7 54.Rb7+ Kg8 55.Ne7+  1-0

[Event "Monaco m"]
[Site "Monte Carlo"]
[Date "1996.??.??"]
[Round "8"]
[White "Piket, Jeroen"]
[Black "Dreev, Alexey"]
[Result "1/2-1/2"]
[WhiteElo "2570"]
[BlackElo "2670"]

1.d4 d5 2.c4 c6 3.Nf3 Nf6 4.Nc3 e6 5.Bg5 h6 6.Bxf6 Qxf6 7.e3 Nd7 8.a3 Bd6
9.e4 Qe7 10.e5 Bc7 11.Rc1 Nb6 12.c5 Nd7 13.Bd3 f6 14.Nh4 Nf8 15.f4 fxe5 16.Qh5+ Qf7
17.Qxf7+ Kxf7 18.fxe5 Bd7 19.O-O+ Ke7 20.Ne2 Be8 21.Nf4 g5 22.Nfg6+ Nxg6
23.Nxg6+ Bxg6 24.Bxg6 Rhf8 25.Rxf8 Rxf8 26.Rf1 Rxf1+ 27.Kxf1 b6 28.b4 bxc5
29.bxc5 Ba5 30.Ke2  1/2-1/2

[Event "Nussloch"]
[Site "Nussloch"]
[Date "1996.??.??"]
[Round "1"]
[White "Dreev, Alexey"]
[Black "Hickl, Joerg"]
[Result "1-0"]
[WhiteElo "2670"]
[BlackElo "2580"]

1.d4 d6 2.e4 g6 3.Nc3 c6 4.h3 Bg7 5.Nf3 Nf6 6.Be2 O-O 7.O-O Nbd7 8.e5 dxe5
9.dxe5 Nd5 10.Nxd5 cxd5 11.Bf4 Nc5 12.Qd2 Be6 13.Bh6 Qb6 14.Bxg7 Kxg7 15.c3 Rac8
16.Nd4 Ne4 17.Qc1 Qc7 18.Qf4 Bd7 19.Bf3 g5 20.Qh2 f5 21.exf6+ exf6 22.Qxc7 Rxc7
23.Rfe1 f5 24.Bd1 Kf6 25.Bb3 Rc5 26.Rad1 Re8 27.Nc2 Be6 28.f3 Nd6 29.Nb4 a5
30.Nxd5+ Bxd5 31.Rxe8 Nxe8 32.Bxd5 b5 33.Bb3 Nc7 34.Rd6+ Ke5 35.Rh6 a4 36.Bg8 a3
37.bxa3 Rxc3 38.Rxh7 Kf4 39.Kh2 Ne8 40.Bb3 Nf6 41.Rf7 Nh5 42.Rb7 Ke3 43.Rxb5 Kf2
44.Bf7 Ng3 45.Rb2+ Ne2 46.Be8 g4 47.fxg4 fxg4 48.hxg4  1-0

[Event "Nussloch"]
[Site "Nussloch"]
[Date "1996.??.??"]
[Round "2"]
[White "Piket, Jeroen"]
[Black "Dreev, Alexey"]
[Result "1-0"]
[WhiteElo "2570"]
[BlackElo "2670"]

1.d4 d5 2.c4 c6 3.Nf3 Nf6 4.Nc3 e6 5.Bg5 h6 6.Bxf6 Qxf6 7.e3 Nd7 8.a3 Bd6
9.e4 dxe4 10.Nxe4 Qe7 11.c5 Bc7 12.Bc4 b6 13.b4 a5 14.O-O O-O 15.Qe2 Bb7
16.Rab1 Ra7 17.Rfe1 axb4 18.axb4 Rfa8 19.g3 Ra3 20.Rb3 Ra2 21.Rb2 R2a3 22.Ra2 Rxa2
23.Bxa2 Nf6 24.Nxf6+ Qxf6 25.Bc4 Ra3 26.Ne5 bxc5 27.bxc5 Bxe5 28.dxe5 Qe7
29.Rd1 Rc3 30.Rd6 Bc8 31.Qe4 Bd7 32.Bd3 g6 33.Qb4 Rc1+ 34.Kg2 Be8 35.Qa3 Rd1
36.Qa8 Kg7 37.Qb8 Rc1 38.Rd8 Kf8 39.Be4 Rxc5 40.Rc8 Qd7 41.Qd6+ Qe7 42.Bxc6  1-0

[Event "Nussloch"]
[Site "Nussloch"]
[Date "1996.??.??"]
[Round "6"]
[White "Huebner, Robert"]
[Black "Dreev, Alexey"]
[Result "1/2-1/2"]
[WhiteElo "2635"]
[BlackElo "2670"]

1.e4 c5 2.Nf3 Nc6 3.d4 cxd4 4.Nxd4 Nf6 5.Nc3 d6 6.Bg5 e6 7.Qd2 a6 8.O-O-O Bd7
9.f4 b5 10.Bxf6 gxf6 11.Kb1 b4 12.Nce2 Qb6 13.f5 e5 14.Nxc6 Bxc6 15.Ng3 h5
16.Be2 h4 17.Nh5 Be7 18.Bf3 a5 19.g4 hxg3 20.hxg3 O-O-O 21.g4 a4 22.Rhe1 Qc5
23.Qe3 Kc7 24.Rd3 Rb8 25.Qd2 Rb6 26.Rd1 Bb7 27.Qe3 Bc6 28.Qd2 Kb7 29.Rc1 Ka7
30.Rd1 Rc8 31.Rc1 a3 32.b3 Bb7 33.c3 bxc3 34.Rdxc3 Qb4 35.Qe3 Rc5 36.Ng3 Bf8
37.Rxc5 dxc5 38.Be2 Qd4 39.Qxd4 exd4 40.Bd3 Rc6 41.Kc2 Bd6 42.Nh5 Be5 43.Bc4 Rc8
44.Kd3 Rg8 45.Rg1 Ba6 46.Bxa6 Kxa6 47.Kc4 Kb6 48.Rg2 Kc6 49.Rg1 Rd8 50.Kd3 Kb5
51.Rg2 Rg8 52.Rg1 Kb4 53.Rg2 c4+ 54.bxc4 Kc5 55.Rg1 Rb8 56.g5 fxg5 57.f6 Rg8
58.Rf1 Bf4 59.Nxf4 gxf4 60.e5 Rg3+ 61.Ke4 Re3+ 62.Kxf4 Re2 63.Rf3 Kxc4 64.Rxa3 d3
65.Ra7 d2 66.Rc7+ Kb4 67.Rd7 Kc3 68.Rc7+ Kb2 69.Rd7 Kc2 70.Rc7+ Kb2  1/2-1/2

[Event "Nussloch"]
[Site "Nussloch"]
[Date "1996.??.??"]
[Round "7"]
[White "Dreev, Alexey"]
[Black "Lobron, Eric"]
[Result "1-0"]
[WhiteElo "2670"]
[BlackElo "2590"]

1.d4 Nf6 2.c4 g6 3.Nc3 Bg7 4.e4 d6 5.f3 O-O 6.Bg5 c5 7.d5 a6 8.a4 h6 9.Be3 e6
10.Qd2 exd5 11.cxd5 Re8 12.Nge2 Nbd7 13.Nc1 Ne5 14.Be2 Nh5 15.Bxh6 Qh4+ 16.Kd1 Bxh6
17.Qxh6 Qf2 18.g4 Nf6 19.Rf1 Qd4+ 20.Kc2 Bd7 21.Rd1 Qf2 22.Nd3 Nxd3 23.Rxd3 Bxa4+
24.Rxa4 b5 25.Ra1 b4 26.Rf1 Qg2 27.Qh4 c4 28.Rd4 Nxe4 29.fxe4 bxc3 30.Qf2  1-0

[Event "Nussloch"]
[Site "Nussloch"]
[Date "1996.??.??"]
[Round "9"]
[White "Dreev, Alexey"]
[Black "Sokolov, Ivan"]
[Result "1-0"]
[WhiteElo "2670"]
[BlackElo "2665"]

1.d4 Nf6 2.c4 g6 3.Nc3 Bg7 4.e4 d6 5.f3 O-O 6.Bg5 a6 7.Qd2 c5 8.d5 b5 9.cxb5 Qa5
10.a4 Nbd7 11.Nge2 Nb6 12.Nc1 axb5 13.Bxb5 Ba6 14.N1a2 Bxb5 15.axb5 Rfe8
16.O-O e6 17.dxe6 Rxe6 18.Rfb1 Nfd7 19.Qd1 Ree8 20.Bd2 Bd4+ 21.Kh1 Nc4 22.Be1 Qd8
23.Nc1 Rxa1 24.Rxa1 Qg5 25.Nb3 Bg7 26.Na5 Nxa5 27.Rxa5 Nb6 28.Ra6 Nc4 29.b6 Rb8
30.Nd5 Nxb2 31.Qc2 c4 32.Bc3 Nd3 33.b7 Nc5 34.Ra8 Qd8 35.Ne7+  1-0

[Event "Reggio Emilia9596"]
[Site "Reggio Emilia"]
[Date "1996.??.??"]
[Round "1"]
[White "Dreev, Alexey"]
[Black "Chernin, Alexander"]
[Result "1/2-1/2"]
[WhiteElo "2670"]
[BlackElo "2600"]

1.d4 Nf6 2.Nf3 d5 3.c4 c6 4.Qc2 dxc4 5.Qxc4 Bf5 6.Nc3 e6 7.g3 Be7 8.Bg2 Nbd7
9.O-O O-O 10.Bg5 h6 11.Bxf6 Nxf6 12.Ne5 Nd7 13.Nxd7 Qxd7 14.Rfd1 Rfd8 15.Rac1 Rac8
16.a3 Qc7 17.e3 Qa5 18.Qa4 Qb6 19.b4 Bg4 20.Re1 Ra8 21.Be4 h5 22.h4 Bf5 23.Bxf5 exf5
24.Rb1 g6 25.Qb3 Qc7 26.Rbc1 Qd7 27.Red1  1/2-1/2

[Event "Reggio Emilia9596"]
[Site "Reggio Emilia"]
[Date "1996.??.??"]
[Round "2"]
[White "Dautov, Rustem"]
[Black "Dreev, Alexey"]
[Result "0-1"]
[WhiteElo "2620"]
[BlackElo "2670"]

1.d4 d5 2.c4 c6 3.Nf3 Nf6 4.Nc3 e6 5.Bg5 h6 6.Bxf6 Qxf6 7.e3 Nd7 8.Bd3 dxc4
9.Bxc4 g6 10.O-O Bg7 11.Rc1 O-O 12.Ne4 Qe7 13.Bb3 Rd8 14.Qc2 Nf6 15.Nc5 b6
16.Ne5 Rd6 17.Ncd3 Bb7 18.Ba4 Rc8 19.b4 Nd7 20.f4 Nf6 21.Bb3 Rdd8 22.a3 Nd5
23.Qe2 Ba6 24.Bc4 Bb7 25.e4 Nf6 26.f5 Rxd4 27.fxg6 fxg6 28.Nxg6 Qe8 29.Ndf4 Rxe4
30.Qa2 Nd5 31.Rce1 Rxe1 32.Rxe1 Qf7 33.Rxe6 Re8 34.Qe2 Rxe6 35.Qxe6 Bd4+
36.Kh1 Qxe6 37.Nxe6 Bf6 38.Ngf4 Nxf4 39.Nxf4+ Kf8 40.a4 Ke7 41.Kg1 Bc3 42.Nd3 c5
43.bxc5 bxc5 44.Nf4 Kd6 45.Kf2 Bc6 46.Bb3 Ke5 47.g3 Ke4 48.Ne6 Bb4 49.Ke2 Bd7
50.h4 a5 51.Bc2+ Ke5 52.Nf8 Bg4+ 53.Ke3 Be1 54.Ng6+ Kf6 55.Nf4 Bxg3 56.Nd5+ Ke6
57.Bb3 Bxh4 58.Kf4 Bh3 59.Ne3+ Kd7 60.Nc4 Be1  0-1